| 000 | 01423nam0a22003371 4500 | ||
|---|---|---|---|
| 001 | v19\rc\1408482 | ||
| 005 | 20260406103641.0 | ||
| 035 | _a(NLR Aleph) 005223046 | ||
| 090 |
_a5525396 _c5525396 |
||
| 100 | _a20060512d1877 |||y0rusy50 ca | ||
| 101 | 0 | _arus | |
| 102 | _aRU | ||
| 105 | _ay z |||cb | ||
| 135 | _acoco 024aaaaa | ||
| 200 | 1 |
_aОчерк истории русской сцены в биографиях ее главнейших деятелей _fСост. С. Бураковский |
|
| 210 |
_aСанкт-Петербург _cгаз. "Муз. свет" _d1877 |
||
| 215 |
_a[2], 138 с. _d23 |
||
| 300 | _aЭл.копия создана на основе экземпляра РГБ | ||
| 325 | _aКопия доступна в Электрон. б-ке РНБ http://vivaldi.nlr.ru/bx000004635/view | ||
| 700 | 1 |
_4220 _8rus _7ca _aБураковский _bС. З. _f1843-1898 _gСергей Захарович _3RU\NLR\AUTH\7790683 _973610 |
|
| 801 | 0 |
_aRU _bNLR _c20060512 _gpsbo |
|
| 801 | 0 |
_aRU _bRuMoRGB _c20060512 _2psbo |
|
| 801 | 1 |
_aRU _bProSoft-M _c20060512 _2rusmarc |
|
| 801 | 2 |
_aRU _bNLR _c20101201 _2rusmarc |
|
| 852 |
_aNLR _j18.34.9.21 |
||
| 852 |
_aNLR _bМф _jК1/2782 |
||
| 942 | _cBOOK | ||
| 980 | _aNB | ||
| 981 | 3 | 3 |
_a(33) Художественная литература _b(33) Отечественная литература |